| 000 | 00719nam a22002057a 4500 | ||
|---|---|---|---|
| 999 |
_c12456 _d12456 |
||
| 003 | AR-CdUCM | ||
| 008 | 190408b ||||| |||| 00| 0 spa d | ||
| 040 |
_aMUNICIPALIDAD PROVINCIAL DEL CUSCO _cBIBLIOTECA MUNICIPAL DEL CUSCO |
||
| 082 |
_a914.7 / _bA45 / 1924 |
||
| 100 |
_aAlvarez del Vayo, Julio _94423 |
||
| 245 | _aLa nueva Rusia / | ||
| 260 |
_aBuenos Aires : _bLas grandes obras, _c1924. |
||
| 300 |
_a207 páginas ; _c18 cm. |
||
| 505 | _aContenido : En camión por la estepa -- Las dos revoluciones -- Siluetas -- Moscu .. Leningrado -- El movimiento literario ... | ||
| 650 |
_aHistoria _9246 |
||
| 650 |
_aRusia _9499 |
||
| 650 |
_aUniversal _918236 |
||
| 942 |
_2ddc _cLIBROS |
||
| 945 |
_arah _d08/04/2019 |
||